| 000 | 00881cam a22001934a 4500 | ||
|---|---|---|---|
| 005 | 20250806132606.0 | ||
| 008 | 250528s ||||||||||||||||||||||||d | ||
| 035 | _a16279 | ||
| 020 | _a132129949 | ||
| 040 |
_aGR-AtMCL _bgre _dGR-AtMCL _eAACR2 |
||
| 245 | 1 | _aDigital Design / Second Edition | |
| 260 |
_bPrentice Hall International, _c1991 |
||
| 300 | _a516 | ||
| 520 | _aPreface, Binary Systems, Boolean Algebra and Logic Gates, Simplification of Boolean Functions, Combinational Logic, MSI and PLD Components, Synchronous Sequential Logic, Registers and Counters and the Memory Unit, Algorithmic State Machines (ASM), Asynchronous Sequential Logic, Digital Integrated Circuits, Laboratory Experiments, Standard Graphic Symbols, Appendix: Answers to Selected Problems, Index. | ||
| 700 | 1 |
_aMano, Moshe Morris _9852 |
|
| 942 | _cBK | ||
| 999 |
_c1797 _d1797 |
||